[Event "Xtracon Open 2019"]
[Site "Helsingor"]
[Date "2019.07.26"]
[Round "8.8"]
[White "Tomilova, Elena"]
[Black "Machlik, Monika"]
[Result "1/2-1/2"]
[WhiteElo "2281"]
[BlackElo "2083"]
[Annotator "NA"]
[PlyCount "223"]
[EventDate "2019.07.19"]
[EventType "swiss"]
[EventCountry "DEN"]
[SourceTitle "playchess.com"]
[Source "ChessBase"]
[SourceQuality "1"]

1. Nf3 Nf6 2. c4 e6 3. g3 a6 4. Bg2 b5 5. b3 Bb7 6. O-O c5 7. Nc3 Qb6 8. e3 Nc6 9. Qe2 Na7 10. Rd1 Be7 11. cxb5 axb5 12. d4 cxd4 13. Nxd4 Bxg2 14. Kxg2 Rb8 15. Bb2 O-O 16. e4 Qb7 17. f3 d6 18. a3 Nd7 19. f4 Rfc8 20. Nf3 Bf6 21. e5 dxe5 22. Ne4 Be7 23. fxe5 Nc5 24. Nd6 Bxd6 25. exd6 Nc6 26. Qe3 Nd7 27. Rac1 Na5 28. Rc7 Rxc7 29. dxc7 Qxc7 30. Rxd7 Qxd7 31. Qe5 f6 32. Qxb8+ Kf7 33. Qf4 Qc8 34. b4 Nc4 35. Ne5+ Nxe5 36. Bxe5 Qc2+ 37. Kh3 Qb3 38. Bd6 Qxa3 39. Qe4 Qa6 40. Bc5 h6 41. Kg2 Qa2+ 42. Bf2 Kg8 43. h4 Kh8 44. Qd3 Qa8+ 45. Kf1 Qc6 46. Bc5 e5 47. Kf2 Qa6 48. Ke3 Qc6 49. Qe4 Qe6 50. Qa8+ Kh7 51. Qb7 Qb3+ 52. Kf2 Qc2+ 53. Kg1 Qd1+ 54. Kh2 Qe2+ 55. Qg2 Qd3 56. Qf2 Qc4 57. Kg1 Qd3 58. Qe3 Qc4 59. Kf2 Qd5 60. Qe2 Qd7 61. g4 Kh8 62. h5 Qc6 63. Qd3 Qb7 64. Ke3 Qc6 65. Qd6 Qb7 66. Qd8+ Kh7 67. Qd3+ Kh8 68. Qe4 Qd7 69. Ke2 Qe6 70. Be3 Qd7 71. Bd2 Qd6 72. Kd1 Qd7 73. Kc2 Qc7+ 74. Bc3 Qb6 75. Qd5 Qa6 76. Kd3 Qb6 77. Bd2 Qa6 78. Ke4 Kh7 79. Qd7 Qa2 80. Qd3 Kh8 81. Bc3 Qg2+ 82. Qf3 Qa2 83. Qd3 Qg2+ 84. Kf5 Qc6 85. Qg3 Qd7+ 86. Ke4 Qc6+ 87. Kd3 Qd5+ 88. Kc2 Qa2+ 89. Kd3 Qc4+ 90. Kd2 Qa2+ 91. Ke3 Qc4 92. Kf2 Qa2+ 93. Kg1 Qb1+ 94. Be1 Qe4 95. Kh2 Qe2+ 96. Kg1 Qe4 97. Kf1 Qc4+ 98. Kf2 Qd4+ 99. Ke2 Qc4+ 100. Kd1 Qd4+ 101. Bd2 Qa1+ 102. Ke2 Qd4 103. Qf3 Qc4+ 104. Ke1 Qd4 105. Qe2 Qd5 106. Be3 Qh1+ 107. Kd2 Qd5+ 108. Qd3 Qg2+ 109. Qe2 Qd5+ 110. Kc3 Qc6+ 111. Kb2 Qd5 112. Qd2 1/2-1/2

[Event "Xtracon Open 2019"]
[Site "Helsingor"]
[Date "2019.07.26"]
[Round "8.8"]
[White "Bronnum, Jan"]
[Black "Woltery, Nicolai"]
[Result "1-0"]
[WhiteElo "2046"]
[BlackElo "1865"]
[Annotator "NA"]
[PlyCount "79"]
[EventDate "2019.07.19"]
[EventType "swiss"]
[EventCountry "DEN"]
[SourceTitle "playchess.com"]
[Source "ChessBase"]
[SourceQuality "1"]

1. d4 Nf6 2. Bf4 c5 3. d5 g6 4. Nc3 d6 5. e4 Bg7 6. Be2 O-O 7. Nf3 Bg4 8. h3 Bxf3 9. Bxf3 Nfd7 10. h4 b5 11. Qd2 b4 12. Nd1 Ne5 13. Be2 Nbd7 14. Bh6 f5 15. exf5 Rxf5 16. Bxg7 Kxg7 17. f4 Nf7 18. g4 Rf6 19. g5 Rf5 20. Bg4 Nxg5 21. fxg5 Ne5 22. Be2 Qf8 23. Ne3 Rf2 24. O-O-O Nf3 25. Qd3 Ne5 26. Qe4 Rf4 27. Qg2 Rf2 28. Qg3 Rxe2 29. Rdf1 Qg8 30. h5 gxh5 31. Nf5+ Kh8 32. Nxe7 Qd8 33. Nf5 Re4 34. Rxh5 a5 35. g6 Nxg6 36. Rxh7+ Kxh7 37. Rh1+ Rh4 38. Nxh4 Nxh4 39. Rxh4+ Qxh4 40. Qxh4+ 1-0

[Event "Xtracon Open 2019"]
[Site "Helsingor"]
[Date "2019.07.26"]
[Round "8.8"]
[White "Schrodt, Sebastian"]
[Black "Kunz, Andre"]
[Result "1-0"]
[WhiteElo "2002"]
[BlackElo "2163"]
[Annotator "NA"]
[PlyCount "83"]
[EventDate "2019.07.19"]
[EventType "swiss"]
[EventCountry "DEN"]
[SourceTitle "playchess.com"]
[Source "ChessBase"]
[SourceQuality "1"]

1. Nf3 d5 2. g3 Bg4 3. Bg2 Nd7 4. c4 e6 5. O-O c6 6. b3 Bd6 7. Bb2 Ngf6 8. d4 Qc7 9. Nc3 Rd8 10. Rc1 Qb8 11. Re1 h6 12. Nh4 g5 13. Nf3 O-O 14. Qd2 Bf5 15. Nxg5 hxg5 16. Qxg5+ Bg6 17. e4 Nh7 18. Qh6 Rfe8 19. cxd5 Bf8 20. Qh3 exd5 21. f4 Bxe4 22. Nxe4 dxe4 23. Bxe4 Nhf6 24. d5 Rxe4 25. Rxe4 cxd5 26. Re5 Bg7 27. Rg5 d4 28. Qh6 Ne8 29. Re1 Ndf6 30. Rxg7+ Nxg7 31. Qxf6 Qd6 32. Qxd6 Rxd6 33. Rd1 Nf5 34. g4 Nh4 35. Kf2 d3 36. f5 Rc6 37. Rd2 Rc2 38. Rxc2 dxc2 39. Kg3 Nxf5+ 40. gxf5 f6 41. Bc1 Kf7 42. Kf4 1-0

[Event "Xtracon Open 2019"]
[Site "Helsingor"]
[Date "2019.07.26"]
[Round "8.9"]
[White "Karthikeyan, Murali"]
[Black "Jepson, Christian"]
[Result "1-0"]
[WhiteElo "2613"]
[BlackElo "2391"]
[Annotator "TA"]
[PlyCount "83"]
[EventDate "2019.07.19"]
[EventType "swiss"]
[EventCountry "DEN"]
[SourceTitle "playchess.com"]
[Source "ChessBase"]
[SourceQuality "1"]

1. e4 d6 2. d4 g6 3. Nf3 Bg7 4. Nc3 Nf6 5. h3 O-O 6. Be3 c6 7. Bd3 Nbd7 8. Qd2 e5 9. a4 Re8 10. dxe5 Nxe5 11. Nxe5 dxe5 12. a5 Be6 13. O-O Nd7 14. Qe2 Bf8 15. Bc4 b5 16. axb6 axb6 17. Rfd1 Qe7 18. Bxe6 Qxe6 19. Qg4 Rxa1 20. Rxa1 Bc5 21. Qxe6 Rxe6 22. Bh6 f5 23. Ra7 Rd6 24. Kf1 b5 25. Ra8+ Kf7 26. g4 fxg4 27. hxg4 Rf6 28. Nd1 Ke6 29. Re8+ Kd6 30. Ke2 Rf7 31. f3 Bb6 32. b4 Nf6 33. Rb8 Ba7 34. Rh8 Bb6 35. Nb2 Ra7 36. Nd3 Bd4 37. Bg5 Ke6 38. Rc8 Ra6 39. c3 Ra2+ 40. Kd1 Kd7 41. Rf8 Nxe4 42. fxe4 1-0

[Event "Xtracon Open 2019"]
[Site "Helsingor"]
[Date "2019.07.26"]
[Round "8.9"]
[White "Nasshan, Dennis"]
[Black "Kjartansson, Gudmundur"]
[Result "0-1"]
[WhiteElo "2314"]
[BlackElo "2470"]
[Annotator "ChessBase"]
[PlyCount "122"]
[EventDate "2019.07.19"]
[EventType "swiss"]
[EventCountry "DEN"]
[SourceTitle "playchess.com"]
[Source "ChessBase"]
[SourceQuality "1"]

1. d4 d6 2. c4 e5 3. Nc3 exd4 4. Qxd4 Nc6 5. Qd2 Nf6 6. Nf3 a5 7. e3 g6 8. b3 Bg7 9. Bb2 O-O 10. Be2 Bf5 11. O-O Ne4 12. Nxe4 Bxe4 13. Bxg7 Kxg7 14. Qc3+ Qf6 15. Qxf6+ Kxf6 16. Nd2 Bf5 17. Bf3 a4 18. Rfc1 Ra7 19. Bxc6 bxc6 20. c5 Ra6 21. a3 axb3 22. Nxb3 Rfa8 23. Nd4 Bd7 24. h3 Ke7 25. Rc3 dxc5 26. Rxc5 Rxa3 27. Rac1 Ra1 28. Nxc6+ Kd6 29. Nd4 Rxc1+ 30. Rxc1 Ra2 31. Nb3 Ba4 32. Nd4 c5 33. Nf3 h6 34. Ne1 Bb3 35. g4 c4 36. Kg2 Kc5 37. Nd3+ Kb5 38. Ne5 Rd2 39. Nxf7 Kb4 40. Ne5 Bc2 41. Nxc4 Kxc4 42. h4 Kd3 43. Ra1 Rd1 44. Ra2 Rc1 45. h5 g5 46. Ra3+ Ke2 47. Ra2 Kd2 48. Rb2 Ke1 49. Kg3 Be4 50. Ra2 Rc6 51. f3 Bc2 52. f4 Rc3 53. fxg5 hxg5 54. Ra5 Rxe3+ 55. Kh2 Re2+ 56. Kg3 Re3+ 57. Kh2 Kf2 58. Rxg5 Be4 59. Rb5 Kf3 60. Rb8 Re1 61. g5 Kg4 0-1

[Event "Xtracon Open 2019"]
[Site "Helsingor"]
[Date "2019.07.26"]
[Round "8.9"]
[White "Rosenkilde, Alexander"]
[Black "Bruaset, Eivind"]
[Result "1/2-1/2"]
[WhiteElo "2255"]
[BlackElo "2074"]
[Annotator "NA"]
[PlyCount "91"]
[EventDate "2019.07.19"]
[EventType "swiss"]
[EventCountry "DEN"]
[SourceTitle "playchess.com"]
[Source "ChessBase"]
[SourceQuality "1"]

1. d4 Nf6 2. c4 g6 3. Nc3 Bg7 4. e4 d6 5. f3 O-O 6. Be3 Nbd7 7. Nge2 c5 8. Qd2 a6 9. d5 Ne5 10. Ng3 e6 11. a4 exd5 12. cxd5 Qa5 13. Be2 b5 14. O-O Nc4 15. Bxc4 bxc4 16. h3 Nd7 17. f4 Rb8 18. Rac1 Rb3 19. Nge2 f5 20. exf5 gxf5 21. Rc2 Nf6 22. Re1 Bd7 23. Bf2 Re8 24. Bh4 Qb6 25. Nc1 Rxe1+ 26. Bxe1 Rb4 27. Qe2 Be8 28. Bh4 Bf7 29. Rd2 Ne4 30. Nxe4 fxe4 31. Qg4 Kh8 32. Qc8+ Bg8 33. Re2 Qb8 34. Qf5 Qf8 35. Qxf8 Bxf8 36. Rxe4 c3 37. Rxb4 cxb4 38. bxc3 bxc3 39. Kf2 Bxd5 40. Bf6+ Bg7 41. Bxg7+ Kxg7 42. a5 h5 43. g3 Be6 44. Ke3 Bxh3 45. Kd3 Kf6 46. Ke4 1/2-1/2

[Event "Xtracon Open 2019"]
[Site "Helsingor"]
[Date "2019.07.26"]
[Round "8.9"]
[White "Philipsen, William Horup"]
[Black "Nilssen, Ellen Fredericia"]
[Result "0-1"]
[WhiteElo "2001"]
[BlackElo "2155"]
[Annotator "NA"]
[PlyCount "104"]
[EventDate "2019.07.19"]
[EventType "swiss"]
[EventCountry "DEN"]
[SourceTitle "playchess.com"]
[Source "ChessBase"]
[SourceQuality "1"]

1. e4 e6 2. d4 d5 3. e5 c5 4. c3 Nc6 5. Nf3 Bd7 6. Bd3 Rc8 7. O-O cxd4 8. cxd4 Nb4 9. Nc3 Nxd3 10. Qxd3 Ne7 11. Bg5 h6 12. Bd2 Nf5 13. Rfc1 Be7 14. a4 O-O 15. a5 a6 16. Na2 Bb5 17. Qb1 Be2 18. Bc3 Bxf3 19. gxf3 Bg5 20. Bb4 Bxc1 21. Nxc1 Nxd4 22. Nd3 Nxf3+ 23. Kg2 Nh4+ 24. Kh3 Nf5 25. Bxf8 Kxf8 26. Ra4 Rc4 27. Rxc4 dxc4 28. Nc5 Qh4+ 29. Kg2 Qg4+ 30. Kf1 Qf3 31. Qe4 Qxe4 32. Nxe4 Ke8 33. Nc5 Kd8 34. Nxb7+ Kc7 35. Nc5 Kc6 36. Nxa6 Kb5 37. Nb8 Kxa5 38. Nc6+ Ka4 39. Ke2 f6 40. f4 Kb5 41. Nd8 Nd4+ 42. Ke3 Kc5 43. Ke4 f5+ 44. Ke3 Kd5 45. h4 Nc2+ 46. Kd2 Nb4 47. Ke3 Nd3 48. b3 Nxe5 49. fxe5 cxb3 50. Kd3 f4 51. Nf7 b2 52. Kc2 f3 0-1

[Event "Xtracon Open 2019"]
[Site "Helsingor"]
[Date "2019.07.26"]
[Round "8.10"]
[White "Hector, Jonny"]
[Black "Vocaturo, Daniele"]
[Result "1-0"]
[WhiteElo "2487"]
[BlackElo "2612"]
[Annotator "TA"]
[PlyCount "109"]
[EventDate "2019.07.19"]
[EventType "swiss"]
[EventCountry "DEN"]
[SourceTitle "playchess.com"]
[Source "ChessBase"]
[SourceQuality "1"]

1. e4 e6 2. d4 d5 3. Nc3 Bb4 4. a3 Bxc3+ 5. bxc3 dxe4 6. Qg4 Nf6 7. Qxg7 Rg8 8. Qh6 Bd7 9. Nh3 c5 10. Be2 Nc6 11. Bg5 Rg6 12. Qh4 cxd4 13. O-O h6 14. Bxh6 e5 15. f4 Qe7 16. Bg5 Bxh3 17. Qxh3 exf4 18. Bxf4 Qe6 19. Qxe6+ fxe6 20. cxd4 Nxd4 21. Bd1 Ke7 22. h4 Nd5 23. Bg5+ Rxg5 24. hxg5 Rg8 25. Re1 e3 26. c4 Nb6 27. Rxe3 Nxc4 28. Re4 e5 29. Be2 Nxe2+ 30. Rxe2 Rxg5 31. Rc1 b5 32. a4 a6 33. axb5 axb5 34. Rb1 Nd6 35. Ra2 e4 36. Rd1 Nc4 37. Rd4 e3 38. Ra6 Nd2 39. Rf4 e2 40. Ra1 Re5 41. Re1 Nb1 42. Rf3 b4 43. Rb3 Nc3 44. Rxb4 Ke6 45. Rc4 Re3 46. Rc5 Kf6 47. Kh2 Kg6 48. Rc8 Kf5 49. Rc4 Kg5 50. Kg1 Ne4 51. Rc8 Nc3 52. Rf8 Kg4 53. Kh2 Rd3 54. Re8 Rd1 55. R8xe2 1-0

[Event "Xtracon Open 2019"]
[Site "Helsingor"]
[Date "2019.07.26"]
[Round "8.10"]
[White "Holm, Kristian Stuvik"]
[Black "Jogstad, Martin"]
[Result "1-0"]
[WhiteElo "2469"]
[BlackElo "2259"]
[Annotator "ChessBase"]
[PlyCount "93"]
[EventDate "2019.07.19"]
[EventType "swiss"]
[EventCountry "DEN"]
[SourceTitle "playchess.com"]
[Source "ChessBase"]
[SourceQuality "1"]

1. e4 c5 2. Nf3 e6 3. d4 cxd4 4. Nxd4 Nc6 5. Nc3 Qc7 6. Be3 a6 7. Qf3 Bd6 8. O-O-O Be5 9. Nxc6 bxc6 10. Bd4 Nf6 11. Bxe5 Qxe5 12. Qe3 O-O 13. f4 Qa5 14. g4 d5 15. g5 Nxe4 16. Nxe4 dxe4 17. a3 Rb8 18. Qxe4 c5 19. Bd3 g6 20. Qe5 Bb7 21. Rhe1 Rfd8 22. Be2 Qa4 23. Rxd8+ Rxd8 24. Rd1 Rxd1+ 25. Kxd1 Qd7+ 26. Kc1 Qd5 27. Qxd5 exd5 28. b4 cxb4 29. axb4 f6 30. h4 Kf7 31. Kd2 fxg5 32. hxg5 Ke6 33. Bg4+ Kd6 34. Ke3 Bc6 35. Be2 Bb7 36. Kd4 Bc8 37. Bf3 Bf5 38. c3 Be6 39. Bg2 Kc6 40. c4 Bf5 41. Bxd5+ Kb6 42. Bg8 a5 43. c5+ Kb5 44. bxa5 Kxa5 45. Bxh7 Kb5 46. Bg8 Kc6 47. Bd5+ 1-0

[Event "Xtracon Open 2019"]
[Site "Helsingor"]
[Date "2019.07.26"]
[Round "8.10"]
[White "Fossan, Aleksander"]
[Black "Stray, Gunnar"]
[Result "1/2-1/2"]
[WhiteElo "2155"]
[BlackElo "1996"]
[Annotator "NA"]
[PlyCount "86"]
[EventDate "2019.07.19"]
[EventType "swiss"]
[EventCountry "DEN"]
[SourceTitle "playchess.com"]
[Source "ChessBase"]
[SourceQuality "1"]

1. e4 c5 2. c3 Nf6 3. e5 Nd5 4. d4 cxd4 5. Nf3 e6 6. cxd4 d6 7. Bc4 Nc6 8. O-O Be7 9. a3 Bd7 10. Re1 O-O 11. Qd3 h6 12. Bd2 Rc8 13. Nc3 Nxc3 14. Bxc3 dxe5 15. dxe5 Qc7 16. Qe4 Rfd8 17. Bd3 g6 18. h3 Bf8 19. Nh2 Ne7 20. Rad1 Nd5 21. Bd2 Bc6 22. Qh4 Qe7 23. Qg3 Bg7 24. h4 Qe8 25. h5 Ne7 26. hxg6 fxg6 27. Ng4 Qf8 28. Qh3 Nf5 29. Bxf5 Qxf5 30. Nxh6+ Bxh6 31. Qxh6 Qg4 32. Qg5 Qxg5 33. Bxg5 Rd5 34. Bf6 Rc7 35. Kh2 Rxd1 36. Rxd1 Rd7 37. Rh1 Rh7+ 38. Kg1 Rxh1+ 39. Kxh1 a6 40. Kh2 Kf7 41. g3 Bf3 42. Kh3 Be4 43. Kg4 Bd5 1/2-1/2

[Event "Xtracon Open 2019"]
[Site "Helsingor"]
[Date "2019.07.26"]
[Round "8.10"]
[White "Nielsen, Jorgen Lovgren"]
[Black "Larsen, Karsten"]
[Result "0-1"]
[WhiteElo "2053"]
[BlackElo "2254"]
[Annotator "NA"]
[PlyCount "103"]
[EventDate "2019.07.19"]
[EventType "swiss"]
[EventCountry "DEN"]
[SourceTitle "playchess.com"]
[Source "ChessBase"]
[SourceQuality "1"]

1. e4 e5 2. Nf3 Nc6 3. Bb5 a6 4. Ba4 Nf6 5. O-O b5 6. Bb3 Bc5 7. Nxe5 Nxe5 8. d4 Bxd4 9. Qxd4 d6 10. c3 Bb7 11. Bg5 h6 12. Bxf6 Qxf6 13. f4 Ng4 14. Nd2 O-O 15. Qd3 Qg6 16. Qg3 Kh8 17. Rae1 Rae8 18. Bc2 h5 19. h3 Ne5 20. Qh4 Nd7 21. Rf3 Qh6 22. Rg3 g6 23. Rg5 f6 24. Rg3 Rg8 25. Rge3 g5 26. fxg5 fxg5 27. Qf2 g4 28. Qh4 Ne5 29. Nf1 Bc8 30. Ng3 Rg5 31. Nf5 Bxf5 32. exf5 Reg8 33. Kh1 Qf6 34. hxg4 Kg7 35. Rh3 Rh8 36. Re4 Rxg4 37. Rxg4+ Nxg4 38. Qxf6+ Kxf6 39. Kg1 Re8 40. Bd3 Re1+ 41. Bf1 Kg5 42. Rf3 Kf6 43. Rf4 Rb1 44. b3 Ne3 45. Rf3 Rxf1+ 46. Rxf1 Nxf1 47. Kxf1 Kxf5 48. Kf2 Kf4 49. c4 bxc4 50. bxc4 c6 51. a4 a5 52. Ke1 0-1

[Event "Xtracon Open 2019"]
[Site "Helsingor"]
[Date "2019.07.26"]
[Round "8.11"]
[White "Buchal, Stephan"]
[Black "Korley, Kassa"]
[Result "0-1"]
[WhiteElo "2260"]
[BlackElo "2437"]
[Annotator "NA"]
[PlyCount "87"]
[EventDate "2019.07.19"]
[EventType "swiss"]
[EventCountry "DEN"]
[SourceTitle "playchess.com"]
[Source "ChessBase"]
[SourceQuality "1"]

1. c4 Nf6 2. g3 c6 3. Bg2 d5 4. Nf3 Bf5 5. b3 e6 6. O-O Be7 7. Bb2 h6 8. d3 O-O 9. Nbd2 Bh7 10. a3 a5 11. Ra2 Nbd7 12. Qa1 Re8 13. Bc3 Bf8 14. Re1 Qb8 15. e4 dxe4 16. dxe4 Nc5 17. Bxf6 gxf6 18. Qxf6 Bg7 19. Qh4 Qd8 20. Qh5 Qb6 21. Re3 Bg6 22. Qg4 Rad8 23. Nh4 Bh7 24. Qe2 Rd7 25. h3 Red8 26. Kh2 Nd3 27. Rc2 Qc5 28. Nb1 Nxf2 29. Qxf2 Bd4 30. Rce2 Bxe3 31. Qxe3 Qxe3 32. Rxe3 Rd1 33. Nc3 R1d3 34. Rf3 Rxf3 35. Nxf3 Rd3 36. Na4 Rxb3 37. Nc5 Rxa3 38. Ne5 b5 39. Ncd7 b4 40. Nf6+ Kg7 41. Nxh7 b3 42. Nd3 Ra2 43. Nf6 Kxf6 44. e5+ 0-1

[Event "Xtracon Open 2019"]
[Site "Helsingor"]
[Date "2019.07.26"]
[Round "8.11"]
[White "Olsson, Linus"]
[Black "Salerno, Christian"]
[Result "1-0"]
[WhiteElo "2242"]
[BlackElo "2047"]
[Annotator "NA"]
[PlyCount "85"]
[EventDate "2019.07.19"]
[EventType "swiss"]
[EventCountry "DEN"]
[SourceTitle "playchess.com"]
[Source "ChessBase"]
[SourceQuality "1"]

1. e4 e5 2. Nf3 Nc6 3. Bb5 a6 4. Ba4 Nf6 5. d3 Be7 6. Bxc6 dxc6 7. Nxe5 Be6 8. O-O Qd6 9. Nf3 Ng4 10. Nc3 O-O-O 11. Qe2 f6 12. Bd2 h5 13. Rab1 g5 14. b4 Ne5 15. Nxe5 Qxe5 16. Qe1 h4 17. a4 g4 18. Ne2 Rdg8 19. b5 g3 20. fxg3 hxg3 21. Nxg3 Bc5+ 22. Be3 cxb5 23. axb5 Rg6 24. bxa6 bxa6 25. Bxc5 Qxc5+ 26. Qf2 Qg5 27. Qf4 Qc5+ 28. Rf2 Rgh6 29. Nf1 a5 30. Ra1 Bd7 31. Qd2 a4 32. d4 Qd6 33. h3 Rg6 34. Kh1 Qc6 35. Qd3 Rhg8 36. d5 Qb6 37. Rd2 Bb5 38. c4 Bd7 39. Rb1 Qd6 40. Qe3 Be8 41. Qa7 Kd8 42. c5 Qf4 43. d6 1-0

[Event "Xtracon Open 2019"]
[Site "Helsingor"]
[Date "2019.07.26"]
[Round "8.11"]
[White "Weber, Samuel"]
[Black "Postny, Evgeny"]
[Result "0-1"]
[WhiteElo "2203"]
[BlackElo "2601"]
[Annotator "TA"]
[PlyCount "110"]
[EventDate "2019.07.19"]
[EventType "swiss"]
[EventCountry "DEN"]
[SourceTitle "playchess.com"]
[Source "ChessBase"]
[SourceQuality "1"]

1. Nf3 c5 2. e4 e6 3. d3 d5 4. Nbd2 Nc6 5. g3 Bd6 6. Bg2 Nge7 7. O-O O-O 8. Nh4 b6 9. f4 dxe4 10. Nxe4 Bc7 11. Be3 Rb8 12. a3 a5 13. a4 Qd7 14. Nf3 Bb7 15. Nfd2 Nd5 16. Bf2 f5 17. Nc3 Nxc3 18. bxc3 e5 19. Be3 exf4 20. Bxf4 Bxf4 21. gxf4 Rf6 22. Nc4 Rg6 23. Rf2 Ne7 24. Ne5 Rxg2+ 25. Rxg2 Qd5 26. Qf1 Qxg2+ 27. Qxg2 Bxg2 28. Kxg2 Nd5 29. Kf3 Nxc3 30. Ra3 Nd5 31. Rb3 Re8 32. Nc4 Re6 33. Rb5 Rh6 34. Kg3 Rg6+ 35. Kf3 Rg4 36. Nxb6 Rxf4+ 37. Kg3 Rg4+ 38. Kf3 Nxb6 39. Rxb6 Rxa4 40. Rb5 Ra1 41. Rxc5 a4 42. Ra5 a3 43. Ra7 g5 44. d4 a2 45. Kf2 Kf8 46. Kg2 f4 47. h3 h5 48. d5 g4 49. hxg4 hxg4 50. d6 Ke8 51. Kf2 g3+ 52. Kg2 f3+ 53. Kxg3 Rg1+ 54. Kxf3 a1=Q 55. Rxa1 Rxa1 0-1

[Event "Xtracon Open 2019"]
[Site "Helsingor"]
[Date "2019.07.26"]
[Round "8.11"]
[White "Digernes, Magnus"]
[Black "Gallagher, Daniel GH"]
[Result "0-1"]
[WhiteElo "1997"]
[BlackElo "2153"]
[Annotator "NA"]
[PlyCount "88"]
[EventDate "2019.07.19"]
[EventType "swiss"]
[EventCountry "DEN"]
[SourceTitle "playchess.com"]
[Source "ChessBase"]
[SourceQuality "1"]

1. d4 Nf6 2. c4 g6 3. Nc3 Bg7 4. Nf3 O-O 5. Bg5 d6 6. e3 c5 7. d5 a6 8. Bd3 b5 9. cxb5 axb5 10. Bxb5 Ba6 11. Bxa6 Rxa6 12. O-O Nbd7 13. h3 Qa8 14. Qe2 Rb8 15. Rac1 h6 16. Bh4 Rab6 17. b3 g5 18. Bg3 Nxd5 19. Na4 Rb4 20. e4 N5b6 21. Nxb6 R8xb6 22. Rfe1 Qa6 23. Rc2 Qxe2 24. Rexe2 Ra6 25. Nd2 Be5 26. Nf1 e6 27. f3 h5 28. h4 g4 29. fxg4 hxg4 30. Bxe5 Nxe5 31. Kh2 Kg7 32. Kg3 f5 33. Nd2 Rd4 34. exf5 exf5 35. Nc4 f4+ 36. Kf2 g3+ 37. Kf1 Ng4 38. Re6 Kf7 39. Rxd6 Raxd6 40. Nxd6+ Rxd6 41. Rxc5 Re6 42. Rf5+ Kg6 43. Rxf4 Nh2+ 44. Kg1 Re1+ 0-1

[Event "Xtracon Open 2019"]
[Site "Helsingor"]
[Date "2019.07.26"]
[Round "8.12"]
[White "Sawatzki, Frank"]
[Black "Heimisson, Hilmir Freyr"]
[Result "1/2-1/2"]
[WhiteElo "2385"]
[BlackElo "2279"]
[Annotator "NA"]
[PlyCount "126"]
[EventDate "2019.07.19"]
[EventType "swiss"]
[EventCountry "DEN"]
[SourceTitle "playchess.com"]
[Source "ChessBase"]
[SourceQuality "1"]

1. e4 c5 2. Nf3 Nc6 3. Bb5 e6 4. O-O Nge7 5. Re1 a6 6. Bf1 d5 7. exd5 Nxd5 8. d4 Nf6 9. Be3 cxd4 10. Nxd4 Bd7 11. c4 Nxd4 12. Bxd4 Bc6 13. Nc3 Be7 14. a3 Qd6 15. b4 O-O 16. Be5 Qxd1 17. Raxd1 Rfd8 18. Bc7 Rxd1 19. Rxd1 Rc8 20. Bd6 Kf8 21. f3 Bxd6 22. Rxd6 Ke7 23. Rd1 g5 24. Kf2 h5 25. Ke3 Nd7 26. c5 g4 27. Be2 Nf6 28. Rd2 Rg8 29. a4 gxf3 30. gxf3 Rg1 31. Bd1 Nd5+ 32. Nxd5+ Bxd5 33. Kf2 Rg8 34. a5 h4 35. Be2 Rg5 36. Rd4 Rh5 37. f4 Rh6 38. Bf3 Rf6 39. Ke3 Rf5 40. h3 Kd8 41. Be4 Rh5 42. Kf3 Kc7 43. Kg4 Rh8 44. Bxd5 Rd8 45. Kxh4 exd5 46. Kg5 Kc6 47. f5 Re8 48. Rh4 Kb5 49. Rh6 Kxb4 50. Rb6+ Kxc5 51. Rxb7 Rh8 52. h4 Rh7 53. f6 d4 54. Rc7+ Kb4 55. Rc6 Kb5 56. Rd6 Kxa5 57. Rxd4 Kb5 58. Rd8 a5 59. Rb8+ Kc4 60. Ra8 Kb4 61. Rb8+ Kc4 62. Ra8 Kb5 63. Rb8+ Kc4 1/2-1/2

[Event "Xtracon Open 2019"]
[Site "Helsingor"]
[Date "2019.07.26"]
[Round "8.12"]
[White "Bratholm, Palle"]
[Black "Bach, Matthias"]
[Result "1-0"]
[WhiteElo "2052"]
[BlackElo "2241"]
[Annotator "NA"]
[PlyCount "99"]
[EventDate "2019.07.19"]
[EventType "swiss"]
[EventCountry "DEN"]
[SourceTitle "playchess.com"]
[Source "ChessBase"]
[SourceQuality "1"]

1. d4 Nf6 2. c4 c5 3. d5 e6 4. Nc3 exd5 5. cxd5 d6 6. e4 g6 7. Bd3 Bg7 8. h3 O-O 9. Bg5 a6 10. a4 Qc7 11. Nge2 Nbd7 12. O-O h6 13. Be3 Ne5 14. f4 Nxd3 15. Qxd3 Bd7 16. Ng3 b5 17. axb5 axb5 18. e5 Rxa1 19. Rxa1 Ne8 20. Nxb5 Qb6 21. Nxd6 Nxd6 22. Ra6 Qb5 23. Qxb5 Nxb5 24. Bxc5 Rc8 25. b4 Nc3 26. Ra7 Nxd5 27. Rxd7 Nxf4 28. Ne4 Bxe5 29. Nd6 Ra8 30. Nxf7 Ra1+ 31. Kf2 Bg7 32. Rd8+ Kxf7 33. Rd7+ Kf6 34. Bd4+ Kf5 35. Bxg7 Ra2+ 36. Kf1 Nxg2 37. Bxh6 g5 38. Bxg5 Kxg5 39. Rg7+ Kh4 40. Rxg2 Ra1+ 41. Kf2 Kxh3 42. Rg3+ Kh4 43. Rb3 Kg5 44. Ke3 Kf5 45. Kd4 Ra8 46. Re3 Rd8+ 47. Kc5 Rc8+ 48. Kd6 Rd8+ 49. Kc7 Rd4 50. b5 1-0

[Event "Xtracon Open 2019"]
[Site "Helsingor"]
[Date "2019.07.26"]
[Round "8.12"]
[White "Magnussen, Pal"]
[Black "Ask, Josef"]
[Result "0-1"]
[WhiteElo "1985"]
[BlackElo "2149"]
[Annotator "NA"]
[PlyCount "156"]
[EventDate "2019.07.19"]
[EventType "swiss"]
[EventCountry "DEN"]
[SourceTitle "playchess.com"]
[Source "ChessBase"]
[SourceQuality "1"]

1. e4 c6 2. d4 d5 3. Nc3 dxe4 4. Nxe4 Nf6 5. Nxf6+ gxf6 6. Bc4 Bf5 7. c3 e6 8. g4 Be4 9. f3 Bd5 10. Bxd5 Qxd5 11. Bf4 Nd7 12. Qc2 h5 13. gxh5 Rxh5 14. Ne2 Qxf3 15. O-O-O Ra5 16. Kb1 O-O-O 17. c4 e5 18. Rhf1 Qh5 19. Bd2 Ra6 20. Bc3 Qxh2 21. dxe5 c5 22. Qd2 fxe5 23. Rh1 Qg2 24. Qe3 Qg6+ 25. Ka1 f6 26. Qf3 Rd6 27. Rdg1 Qd3 28. Qg4 f5 29. Qg2 Qxc4 30. Ba5 Nb6 31. Bxb6 axb6 32. Nc3 e4 33. a3 Rd3 34. Qg5 Rf3 35. Rh7 Rf1+ 36. Rxf1 Qxf1+ 37. Ka2 Qc4+ 38. Ka1 Qe6 39. Rxb7 Kxb7 40. Qxd8 Be7 41. Qd2 Qd6 42. Qc2 Qe5 43. Qb3 f4 44. Qf7 e3 45. Ne2 Qf6 46. Qd5+ Kc7 47. Qf3 Bd6 48. Nc3 Qe5 49. Nd5+ Kd8 50. Nc3 Ke7 51. Qg4 Kf7 52. a4 Be7 53. Ne2 Bf6 54. Qd7+ Qe7 55. Qg4 Qe5 56. Qd7+ Kg6 57. Qg4+ Bg5 58. Qf3 Qf5 59. Qc6+ Bf6 60. Qg2+ Kh6 61. Ng1 Qg5 62. Qh1+ Qh5 63. Qc6 Qg6 64. Qh1+ Qh5 65. Qc6 Qe5 66. Qh1+ Kg6 67. Qg2+ Kf7 68. Qb7+ Be7 69. Qf3 Qd4 70. Ne2 Qd1+ 71. Ka2 Qxa4+ 72. Kb1 Qd1+ 73. Ka2 Bd6 74. Qb7+ Kf6 75. Nc3 Qd4 76. Qf3 Be5 77. Qc6+ Kf5 78. Qxb6 Qc4+ 0-1

[Event "Xtracon Open 2019"]
[Site "Helsingor"]
[Date "2019.07.26"]
[Round "8.13"]
[White "Nielsen, Viktor Haarmark"]
[Black "Andre, Gordon"]
[Result "1/2-1/2"]
[WhiteElo "2254"]
[BlackElo "2381"]
[Annotator "NA"]
[PlyCount "120"]
[EventDate "2019.07.19"]
[EventType "swiss"]
[EventCountry "DEN"]
[SourceTitle "playchess.com"]
[Source "ChessBase"]
[SourceQuality "1"]

1. d4 Nf6 2. c4 e6 3. g3 d5 4. Nf3 Bb4+ 5. Bd2 Be7 6. Bg2 O-O 7. O-O c6 8. Qc2 Nbd7 9. Bf4 Nh5 10. Bc1 b6 11. Nbd2 Bb7 12. e4 Rc8 13. Qd3 Ba6 14. b3 c5 15. Qe2 dxc4 16. Nxc4 Nhf6 17. e5 Nd5 18. Bb2 b5 19. Ne3 N7b6 20. dxc5 Bxc5 21. Nxd5 Nxd5 22. h4 h6 23. a3 Qd7 24. Nd2 Be7 25. Ne4 Rc6 26. Rfd1 Rfc8 27. Qg4 Kh8 28. Nd6 f5 29. exf6 Bxf6 30. Bxf6 Rxd6 31. Rxd5 exd5 32. Qxd7 Rxd7 33. Bh3 gxf6 34. Bxd7 Rc3 35. b4 d4 36. Bh3 d3 37. Rd1 Bb7 38. Bg2 Bxg2 39. Kxg2 Rxa3 40. Kf3 Rb3 41. Ra1 Rxb4 42. Rxa7 Rd4 43. Ra1 d2 44. Rd1 f5 45. Ke3 Rd6 46. Rxd2 f4+ 47. gxf4 Rxd2 48. Kxd2 Kg7 49. Kc3 Kg6 50. Kb4 Kf5 51. Kxb5 Kxf4 52. Kc4 Kg4 53. Kd4 Kxh4 54. f4 Kg4 55. Ke5 h5 56. f5 h4 57. f6 h3 58. f7 h2 59. f8=Q h1=Q 60. Qg7+ Kh3 1/2-1/2